| 000 | 00328cam a22001097a 4500 | ||
|---|---|---|---|
| 008 | 180718b1983 xxu||||| |||| 00| 0 eng d | ||
| 082 | _aT448 In8w | ||
| 245 | _aWorld debt tables: external debt of developing countries | ||
| 260 |
_aWashington, D.C. _bIBRD _c1983 |
||
| 300 | _a291p. | ||
| 650 | _aForeign credit - Underdeveloped Area | ||
| 999 |
_c225304 _d225304 |
||